Countries In Oceania - Statistics

General Stats
  • This quiz has been taken 56 times
  • The average score is 12 of 14
Answers on the Map
Answers color-coded by a green-red scale on the quiz's map according to % correct below.
 
Answer Stats
Answer % Correct
New Zealand
96%
Australia
93%
Fiji
93%
Kiribati
93%
Palau
89%
Papua New Guinea
89%
Solomon Islands
89%
Tuvalu
89%
Federated States of Micronesia
86%
Marshall Islands
86%
Micronesia
86%
Nauru
82%
Vanuatu
82%
Tonga
75%
No matching quizzes found
Score Distribution
Percent of People with Each Score
Percentile by Number Answered
Your Score History
You have not taken this quiz